Zákon o správcoch úverov a nákupcoch úverov komentár

Salvato in:
Dettagli Bibliografici
Autore principale: Jedinák, Peter
Altri autori: Matláková, Miroslava, Matyasovszky, Pavol, Mecelová, Terézia, Mikloš, Peter, Sidak, Mikuláš, Sihelníková, Natália, Slezák, Peter, Kubinec, Martin, Karpat, Andrej, Moravec, Tomáš
Natura: Libro
Lingua:slovacco
Pubblicazione: Praha C. H. Beck 2025
Edizione:1. vydanie
Soggetti:
Tags: Aggiungi Tag
Nessun Tag, puoi essere il primo ad aggiungerne!!

MARC

LEADER 00000nam a2200000 4500
001 0314589
005 20260128132055.1
020 |a 978-80-7699-025-8 
041 0 |a slo 
044 |a CZ 
245 1 0 |a Zákon o správcoch úverov a nákupcoch úverov  |b komentár  |c Andrea Slezáková, Peter Mikoš, Mikuláš Sidak a kol. ; recenzenti: Martin Kubinec, Andrej Karpat, Tomáš Moravec ... [et al.] 
250 |a 1. vydanie 
264 1 |a Praha  |b C. H. Beck  |c 2025 
300 |a 442 s. 
610 2 0 |a zákony 
610 2 0 |a úpravy právne 
610 2 0 |a trh finančný 
610 2 0 |a dohľad nad finančným trhom 
610 2 0 |a úver 
610 2 0 |a veritelia 
610 2 0 |a dlžníci 
100 1 |a Jedinák, Peter 
700 1 |a Matláková, Miroslava 
700 1 |a Matyasovszky, Pavol 
700 1 |a Mecelová, Terézia 
700 1 |a Mikloš, Peter 
700 1 |a Sidak, Mikuláš 
700 1 |a Sihelníková, Natália 
700 1 |a Slezák, Peter 
700 1 |a Kubinec, Martin 
700 1 |a Karpat, Andrej 
700 1 |a Moravec, Tomáš